LIBRARY & INFORMATION CENTRE, KCAET, TAVANUR

ONLINE PUBLIC ACCESS CATALOGUE (OPAC)

Bhashabharatham: Virata parvam / (Record no. 6507)

MARC details
000 -LEADER
fixed length control field 00410cam a2200145ua 4500
041 ## - LANGUAGE CODE
Language code of text/sound track or separate title mal
082 ## - DEWEY DECIMAL CLASSIFICATION NUMBER
Classification number 894.8121
Item number KUN/BH
100 ## - MAIN ENTRY--AUTHOR NAME
Personal name Kunhukuttan, Thampuran .
245 ## - TITLE STATEMENT
Title Bhashabharatham: Virata parvam /
260 ## - PUBLICATION, DISTRIBUTION, ETC. (IMPRINT)
Place of publication Thrissur :
Name of publisher Vallathole Printing and Publishing House ,
Year of publication 1954.
300 ## - PHYSICAL DESCRIPTION
Number of Pages 577 ; .
942 ## - ADDED ENTRY ELEMENTS (KOHA)
Koha item type Books
Holdings
Withdrawn status Lost status Damaged status Home library Current library Date acquired Full call number Accession Number Koha item type
Withdrawn     KAUAET Malayalam University 07/04/2012 894.8121 493 Books
free website counter